|
|
|
|
| LEADER |
00000nab a2200000 a 4500 |
| 001 |
vtls000211405 |
| 003 |
SK-MaSNL |
| 005 |
20260304230210.0 |
| 008 |
220422c1985 xo 0 slo |
| 015 |
|
|
|a SNBRB19rr/mm-uuuuu
|
| 035 |
|
|
|a CL0221519
|
| 040 |
|
|
|a SNKBUCL
|b slo
|c SNKBUCL
|e AACR2
|
| 041 |
0 |
|
|a slo
|
| 044 |
|
|
|a xo
|c SK
|
| 080 |
|
|
|a 57.087:621.38:061.6
|2 1981
|
| 080 |
|
|
|a 621.38
|2 1981
|
| 080 |
|
|
|a 061.6
|2 1981
|
| 100 |
1 |
|
|a Janek, Miroslav,
|d 1933-2020
|4 aut
|9 230735
|
| 245 |
1 |
0 |
|a Od universálnych lekárov k počítačovému tomografu
|b návšteva vo Výskumnom ústave lekárskej bioniky
|c Miroslav Janek
|
| 300 |
|
|
|b Obr. 4.
|
| 610 |
2 |
7 |
|a Výskumný ústav lekárskej bioniky (Bratislava, Slovensko)
|2 snkbucl
|9 261200
|
| 655 |
|
7 |
|a články z novín a časopisov
|2 snkbucl
|9 267496
|
| 773 |
0 |
|
|t Slovensko
|g Roč. 9, č. 4 (1985), s. 12-13
|
| 850 |
|
|
|a Slovenská národná knižnica v Martine
|a MTA001
|
| 852 |
|
|
|a SNK
|b KIS3GCP
|
| 958 |
|
|
|a RK
|
| 958 |
|
|
|a ME
|
| 992 |
|
|
|a RBX
|
| 999 |
|
|
|c 3181621
|d 3183551
|